000 00677nam a2200277Ia 4500
005 20260121124823.0
008 008 260114s9999 xx 000 0 eng d
020 _a9780674074743
037 _aEBOOK
040 _aCRL
040 _beng
040 _cCRL
041 _2eng
041 _aeng
084 _qCRL
100 _aHofmeyr, Isabel
_9982551
245 0 _aGandhis Printing Press: Experiments in Slow Reading
260 _bWalter de Gruyter
260 _bWalter de Gruyter
260 _c2013
650 _aHistory
_9982552
856 _uhttp://www.degruyter.com/isbn/9780674074743
942 _cEBOOK
999 _c1557378
_d1557378